000 01019cam a2200265 u 4500
003 UPN
005 20220901134606.0
008 191022s2000 mx fr 000 0 spa d
020 _a9706840214
035 _aUPN01000233634
040 _aMX-MxUPN
_bspa
_cMX-MxUPN
050 4 _aHF3235
_bC66 2000
245 0 3 _aEl comercio exterior de México 1713-1850 :
_bentre la quiebra del sistema imperial y el surgimiento de una nación
250 _aPrimera edición
260 _aMéxico, D.F. :
_bInstituto de Investigaciones Dr. José María Luis Mora :
_bUNAM, Instituto de Investigaciones Históricas :
_bUniversidad Veracruzana ,
_c2000.
300 _a259 páginas
490 0 _aHistoria económica
651 7 _946018
_aMéxico
_xComercio
_xHistoria
_ySiglo XVIII
651 7 _946019
_aMéxico
_xComercio
_xHistoria
_ySiglo XIX
700 1 _946013
_aYuste López, Carmen
_ecoordinadora
700 1 _946015
_aSouto Mantecón, Matilde
_ecoordinadora
905 _aLibro
942 _2lcc
_cLIBRO
999 _c205729
_d205729